| 000 | 00472nam a2200181Ia 4500 | ||
|---|---|---|---|
| 003 | GCL | ||
| 008 | 140319s9999 xx 000 0 eng d | ||
| 040 |
_aGCL / _cGCL |
||
| 082 | 0 | 4 |
_a843 _bC A |
| 100 | 1 | _aCHAPOT, JEAN | |
| 245 | 1 | 0 |
_aLES AMANTS DE SAINT - PETERSBOURG: ROMAN / _cCHAPOT, JEAN |
| 260 |
_a[S.N] : _bALBIN MICHEL, S.A ، _c1997 |
||
| 300 | _a424 P | ||
| 650 | 0 | 4 | _aLITERATURE |
| 650 | 0 | 4 | _aFRENCH FICTION |
| 650 | 0 | 4 | _aFRENCH LITERATURE |
| 942 |
_2ddc _cBK |
||
| 999 |
_c16090 _d16090 |
||